000
00342nam a22001577a 4500
003
CEME
005
20210628201950.0
008
210415b xxu||||| |||| 00| 0 eng d
040
_c
.
082
_a
539.7 HOG'A
100
_a
Hogerton, J.F
_9
57355
245
_a
Atomic fuel
260
_a
USA
_b
AEC
_c
1964
300
_a
40P
942
_c
BK
_2
ddc
999
_c
567902
_d
567902